| 000 | 00699nam a2200193 a 4500 | ||
|---|---|---|---|
| 001 | 000016479 | ||
| 005 | 20200929164923.0 | ||
| 008 | 100305s1999 dr 000 0 spa d | ||
| 040 |
_aDO-SdBNP _bspa _cBNPHU |
||
| 082 |
_a333.91 _bR426i |
||
| 110 | 1 |
_aRepública Dominicana _bInstituto Nacional de Recursos Hidráulicos (INDRHI) / _cpresentación Francisco T. Rodríguez _936702 |
|
| 245 | 1 | 0 | _aPlan de Acción 1999. |
| 260 |
_aSanto Domingo : _bINDRHI _fAlfa y Omega _c1999. |
||
| 300 |
_a179 p. ; _c29 cm. |
||
| 650 | 4 |
_aRecursos hidrológicos _zRepública Dominicana _936703 |
|
| 650 | 4 |
_aRecursos naturales _zRepública Dominicana _91560 |
|
| 700 | 1 |
_aRodríguez, Francisco T. _96365 |
|
| 049 | _aBNPD | ||
| 999 |
_c16014 _d16014 |
||